00751nam a2200253Ia 4500003000900000008004100009040001300050040001300063041000800076100001400084245007700098250001200175260001400187260000900201300001100210300001200221490000600233600002000239700000900259700001100268942000700279999001700286952019400303IT-RoPAU120407s9999 xx 000 0 und d aIT-RoPAU cIT-RoPAU aita aFeuerbach aMaterialismo dialettico e materialismo storico. A cura di Cornelio Fabro aBrescia aLa Scuola c1962 a269 p. c20,5 cm v1 a1. Materialismo aMarx aEngels cBK c31005d31005 00102ddc406146_20000000000000071aPAULUSbPAULUSd2012-04-11l0o146.2r2012-04-11 00:00:00w2012-04-11yBKzInserito da: Jole In data: 22 luglio 2011 fondo: Via A.Severo 56 Progr:26005